Desarrollo científico y tecnológico en Costa Rica : logros y perspectivas
Guardado en:
| Format: | Bog |
|---|---|
| Sprog: | Spanish |
| Udgivet: |
San José, C.R. : Academia Nacional de Ciencias,
2000.
|
| Serier: | Memorias de la Academia Nacional de Ciencias
|
| Fag: | |
| Tags: |
Tilføj Tag
Ingen Tags, Vær først til at tagge denne postø!
|
MARC
| LEADER | 00000nam a2200000Ia 4500 | ||
|---|---|---|---|
| 003 | 000482 | ||
| 005 | 20221231143843.0 | ||
| 008 | 140116s2000 cr a 000 ||spa d | ||
| 020 | |a 9968984558 Tomo II | ||
| 040 | |c cru CEDI | ||
| 082 | |a 303.483 D441d | ||
| 245 | |a Desarrollo científico y tecnológico en Costa Rica : logros y perspectivas | ||
| 246 | |a Tomo II "Ciencias Excactas y Naturales", "Desarrollo Tecnológico" | ||
| 260 | |c 2000. |a San José, C.R. : Academia Nacional de Ciencias, | ||
| 300 | |c 221 páginas: ilustraciones | ||
| 440 | |a Memorias de la Academia Nacional de Ciencias |n Vol.5 |9 20671 | ||
| 650 | |x DESARROLLO CIENTIFICO Y TECNOLOGICO |x TRANSFERENCIA DE TECNOLOGIA |9 20672 | ||
| 942 | |2 ddc |c BK | ||
| 999 | |c 13263 |d 13263 | ||



